Writing Disaster Recovery Plans for Telecommunications Networks and Lan
Αποθηκεύτηκε σε:
| Κύριος συγγραφέας: | |
|---|---|
| Μορφή: | Βιβλίο |
| Γλώσσα: | English |
| Δημοσίευση: |
Boston :
Artech House,
1993
|
| Θέματα: | |
| Ετικέτες: |
Προσθήκη ετικέτας
Δεν υπάρχουν, Καταχωρήστε ετικέτα πρώτοι!
|
MARC
| LEADER | 00000nam a2200000 i 4500 | ||
|---|---|---|---|
| 001 | 1/49523 | ||
| 008 | 950824s1993 eng d | ||
| 020 | |a 0-89006-694-9 | ||
| 035 | |a 1995 |c ΓΚΡΙΤΖΑΛΗΣ |l 10043630 | ||
| 040 | |a GR-MY-UA |b gre |e aacr | ||
| 041 | 0 | |a eng | |
| 082 | 0 | |a 658.477 | |
| 100 | 1 | |a Wrobel, Leo A. (Leo Anthony) | |
| 245 | 1 | 0 | |a Writing Disaster Recovery Plans for Telecommunications Networks and Lan / |c Leo A. Wrobel |
| 260 | |a Boston : |b Artech House, |c 1993 | ||
| 300 | |a xiii, 138 p.; |b ill.; |c 24 cm. | ||
| 500 | |a Includes bibliographical references and index | ||
| 650 | 0 | 0 | |a Telecommunication systems |x Security measures |x Planning. |
| 650 | 0 | 0 | |a Local area networks (Computer Networks) |x Security Measures |x Planning. |
| 650 | 0 | 0 | |a Disaster relief. |
| 650 | 0 | 0 | |a Emergency management. |
| 852 | |a INST |b SAMOS |e 19950824 |h 658.477 WRO |p 005300005030 |q 005300005030 |t BK |y 0 | ||
| 909 | |a Σ |b 041227 | ||